000 00717nam a2200193Ia 4500
003 GCL
008 140319s9999 xx 000 0 ara d
040 _aGCL /
_cGCL
082 0 4 _a332.67
_bم د
100 1 _aمعهد البحوث والدراسات العربية
245 1 0 _aدراسات حول ضمانات الاستثمار فى قوانين البلاد العربية /
_cمعهد البحوث والدراسات العربية
260 _a[S.N] :
_bجامعة الدول العربية: معهد البحوث والدراس ،
_c1978
300 _a590 ص
490 _a
650 0 4 _aالاستثمار
650 0 4 _aقوانين وتشريعات
650 0 4 _aالضمانات
942 _2ddc
_cBK
999 _c27901
_d27901